02944cam a2200397 i 450000100090000000300050000900500170001400800410003101000170007202000310008903500130012004000340013304200080016704300120017505000250018708200280021210000330024024500910027326400530036430000270041733600260044433700280047033800270049850400410052550507350056652001720130152005380147365000540201165000550206565000430212077601400216390600450230394200510234895201300239999900170252921773158CSPC20260319152857.0201026s2021 mdu b 000 0 eng  a 2020045777 a9781475859584q(paperback) a21773158 aDLCbengerdacDLCdDLCdCSPC apcc an-us---00aLB2831.62b.D35 202100a371.20110973bD149c2231 aDake, Larry,d1980-eauthor.10aCrisis management :beffective school leadership to avoid early burnout /cLarry Dake. 1aLanham, Maryland :bRowman & Littlefield,c2021. axi, 97 pages ;c24 cm. atextbtxt2rdacontent aunmediatedbn2rdamedia avolumebnc2rdacarrier aIncludes bibliographical references.0 aThe grass may look different, but it's not always greener ... one administrator's story -- Was it always this way? School leadership's unique history -- Your are contagious ... for better or worse -- Without this, schools cannot move forward: building trusting relationships -- Making it all fit: professional fit and work-life balance -- Is it lonely at the top? Navigating leadership isolation and loneliness -- Preparing for the shift and navigating new roles -- Survey overview, important trends, and takeaways -- The goose that lays the golden egg: school leadership and time management -- Is it time to seek a new opportunity? Interviewing and entry planning -- Must-read books for prospective and practicing school leaders. a"This book will assist school leaders with strategies to navigate transitions, balance relationships, and manage their time more effectively"--cProvided by publisher. a"This book will assist aspiring and practicing school leaders with strategies to navigate transitions, balance relationships, and manage their time more effectively. All three components are necessary to manage stress and avoid burnout in today’s fast-paced and always-on world of school leadership. While prep programs teach several important facets for the job, nothing quite prepares school leaders for the job’s stress, time expectations, and public face. This book can help all school leaders in these areas!"--cAmazon.com. 0aSchool administratorsxJob stresszUnited States. 0aSchool management and organizationzUnited States. 0aEducational leadershipzUnited States.08iOnline version:aDake, Larry, 1980-tCrisis managementdLanham, Maryland : Rowman & Littlefield, 2021.z9781475859591w(DLC) 2020045778 a7bcbccorignewd1eecipf20gy-gencatlg 2ddccBKe23h371.20110973iD149ckGRDm2021n0 00102ddc4070aCSPCbCSPCcGRDd2026-03-19l0oGRD 371.20110973 D149c 2021p31472r2026-03-19 15:30:03t1-1w2026-03-19yBK c32123d32123